000 00837cab a2200277 4500
001 WB3217-38
008 090401t1996 xxu||||| |||| 00| 0 eng d
035 _a(Sirsi) u8274
041 _aeng
245 _aBSE and farm stocktaking valuations
260 _c1996
350 _a0
490 _aInland Revenue Press Release
_v29 April 1996, (4)
520 _aClarifies the approach required for the valuation of livestock for stock- taking against the background of BSE.
650 _aAGRICULTURAL VALUATIONS
650 _aBEN19
650 _aBSE
650 _aINCOME TAX
650 _aPROPERTY-RURAL AND NATURAL ASSETS-AGRICULTURAL PROPERTY-LIVESTOCK
650 _aSTOCK VALUATION
650 _aSTOCKTAKING VALUATIONS
690 _aRATING AND VALUATION
690 _aRURAL PRACTICE
942 _n0
948 _c04/03/1997
999 _c5069
_d5069